| 000 | 00821cab a2200229 4500 | ||
|---|---|---|---|
| 001 | WB3001-49 | ||
| 008 | 090401t1994 xxu||||| |||| 00| 0 eng d | ||
| 035 | _a(Sirsi) u42162 | ||
| 041 | _aeng | ||
| 245 | _aFarmers turning over a new leaf | ||
| 260 | _c1994 | ||
| 350 | _a0 | ||
| 490 |
_aFinancial Times _v5 January 1994, 10(2) |
||
| 520 | _aStanaway Farm near Ipswich has become the 14th Linking Environment and Farming (LEAF) demonstration farm promoting environmentally-friendly production methods whilst still managing to operate at a profit. (See also WB2743-34) | ||
| 650 | _aENVIRONMENTALLY-FRIENDLY FARMING | ||
| 650 | _aLEAF INITIATIVE | ||
| 650 | _aLINKING ENVIRONMENT AND FARMING | ||
| 690 | _aENVIRONMENTAL AND LAND CONSULTANCY | ||
| 690 | _aRURAL PRACTICE | ||
| 942 | _n0 | ||
| 948 | _c04/03/1997 | ||
| 999 |
_c27084 _d27084 |
||